<?xml version="1.0" encoding="UTF-8"?>
<collection xmlns="http://www.loc.gov/MARC21/slim">
<record>
  <controlfield tag="001">163386</controlfield>
  <controlfield tag="005">20251028143407.0</controlfield>
  <datafield tag="024" ind1="8" ind2=" ">
    <subfield code="2">innovaciondocente</subfield>
    <subfield code="a">5361</subfield>
  </datafield>
  <datafield tag="037" ind1=" " ind2=" ">
    <subfield code="a">INNODOC-2024-5361</subfield>
  </datafield>
  <datafield tag="041" ind1=" " ind2=" ">
    <subfield code="a">spa</subfield>
  </datafield>
  <datafield tag="100" ind1=" " ind2=" ">
    <subfield code="0">(orcid)0000-0002-0680-9957</subfield>
    <subfield code="a">Borobia Frías, Marta</subfield>
    <subfield code="e">coord.</subfield>
  </datafield>
  <datafield tag="245" ind1=" " ind2=" ">
    <subfield code="a">La realidad profesional tras los estudios del Grado en Veterinaria</subfield>
  </datafield>
  <datafield tag="260" ind1=" " ind2=" ">
    <subfield code="a">Zaragoza</subfield>
    <subfield code="b">Universidad de Zaragoza</subfield>
    <subfield code="c">2024</subfield>
  </datafield>
  <datafield tag="520" ind1="3" ind2=" ">
    <subfield code="a">El objetivo principal de este proyecto es acercar a los estudiantes del Grado en Veterinaria al mundo laboral y profesional, para dar a conocer los diferentes perfiles profesionales en los que podrán integrarse. Para ello, tal y como se ha venido realizando anteriormente con gran acogida por parte del estudiantado, se organizarán charlas-coloquio con profesionales que cubran la mayoría de las áreas ligadas a la veterinaria (clínica, investigación, administración, docencia, etc.). Además, se continuará realizando la grabación de las sesiones y haciéndolas disponibles en el repositorio multimedia de la Facultad de Veterinaria, accesibles también desde el canal propio de YouTube (https://www.youtube.com/channel/UCBaUjHQpZL6c3-VlRLs9IZg). Por otro lado, estas charlas se promoverán desde el Plan de Orientación Universitaria de la Universidad de Zaragoza (POUZ).  Como novedad para el curso 2024-25, y para fomentar la responsabilidad y la participación de los estudiantes, éstos, orientados por sus tutores, elaborarán una serie de preguntas que serán respondidas por los profesionales y presentadas en las redes sociales de la Facultad de Veterinaria en formato de vídeo corto de presentación, antes de la charla-coloquio. Estas actividades se dirigirán a estudiantes de diferentes cursos, ya que la presentación de las posibles salidas profesionales permitirá una mejor orientación para, por ejemplo, realizar prácticas en campos más centrados en sus intereses.</subfield>
  </datafield>
  <datafield tag="700" ind1=" " ind2=" ">
    <subfield code="0">(orcid)0000-0003-1286-4968</subfield>
    <subfield code="a">Vitoria Moraiz, Arantzazu</subfield>
  </datafield>
  <datafield tag="700" ind1=" " ind2=" ">
    <subfield code="a">Marqués Díez, Johari</subfield>
  </datafield>
  <datafield tag="700" ind1=" " ind2=" ">
    <subfield code="0">(orcid)0000-0001-6955-355X</subfield>
    <subfield code="a">Olleta Castañer, José Luis</subfield>
  </datafield>
  <datafield tag="700" ind1=" " ind2=" ">
    <subfield code="0">(orcid)0000-0002-2114-0577</subfield>
    <subfield code="a">Arruebo Loshuertos, María Pilar</subfield>
  </datafield>
  <datafield tag="700" ind1=" " ind2=" ">
    <subfield code="0">(orcid)0000-0003-3436-776X</subfield>
    <subfield code="a">Peribáñez López, Miguel Ángel</subfield>
  </datafield>
  <datafield tag="700" ind1=" " ind2=" ">
    <subfield code="0">(orcid)0000-0002-7857-9732</subfield>
    <subfield code="a">Luño Lázaro, Victoria</subfield>
  </datafield>
  <datafield tag="856" ind1="4" ind2=" ">
    <subfield code="s">209944</subfield>
    <subfield code="u">http://zaguan.unizar.es/record/163386/files/memoria_PIET_2024_5361.pdf</subfield>
    <subfield code="y">Memoria del proyecto</subfield>
  </datafield>
  <datafield tag="970" ind1=" " ind2=" ">
    <subfield code="a">INNODOC-2024-5361</subfield>
  </datafield>
  <datafield tag="980" ind1=" " ind2=" ">
    <subfield code="a">INNODOC</subfield>
    <subfield code="b">PIET</subfield>
    <subfield code="c">PIET_2</subfield>
  </datafield>
</record>
</collection>